000 00617nam a2200205Ia 4500
003 GCL
008 140319s9999 xx 000 0 ara d
040 _aGCL /
_cGCL
082 0 4 _a229.4
_bم ق
100 1 _aمحمد احمد
245 1 0 _aالقران وعلومة - الحديث وعلومة /
_cمحمد احمد
700 1 _aمحمد احمد خلف الله
300 _a56 ص
490 _aموسوعة الحضارة العربية الاسلامية
_v0
650 0 4 _aالاسلام
650 0 4 _aالحديث
650 0 4 _aالدين الاسلامى
650 0 4 _aالقران
942 _2ddc
_cBK
999 _c48168
_d48168